Представление документа в формате MARC21

Поле Инд. ПП Название Значение
Тип записи a
Библиографический уровень b
001 Контрольный номер e630546c708a4a0eb0ebf934b4b1bda8
005 Дата корректировки 20251121165800.1
008 Кодируемые данные 20140826
040 b Код языка каталог. rus
e Правила каталог. PSBO
041 0_ a Код языка текста rus
084 a Индекс другой классификации/Индекс ББК 74.66
100 1_ a Автор Басина Н. И.
q Полное имя Басина Наталья Ивановна
245 10 a Заглавие Профессиональный стандарт специалиста органа опеки и попечительства в отношении несовершеннолетних как основа для легитимации норм профессиональной этики
500 a Примечание Электронная версия статьи: https://doi.org/10.30853/pedagogy.2018.4.12
504 a Библиография Лит. в конце статьи
650 04 a Основная рубрика педагогика; социальная педагогика
653 1_ a Ключевые слова воспитательные цели
a Ключевые слова защита детства
a Ключевые слова защита прав детей
a Ключевые слова моральные нормы
a Ключевые слова несовершеннолетние
a Ключевые слова органы опеки и попечительства
a Ключевые слова педагогическая этика
a Ключевые слова подготовка специалистов
a Ключевые слова профессиональная этика
a Ключевые слова профессиональные компетенции
a Ключевые слова профессиональный кодекс
a Ключевые слова профессиональный стандарт
a Ключевые слова Россия
a Ключевые слова этические нормы
773 08 t Заглавие источника Педагогика. Вопросы теории и практики
d Дата издания источника 2018
g Прочая информация № 4. - С. 57 - 61
w Контрольный № источника DU/602701126
901 t Тип документа b